Hľadači

Bibliographic Details
Main Author: Granin, Daniil Aleksandrovič, 1919-2017 (Author)
Other Authors: Andráš, Matej, 1921-2012 (Translator), Turan, Ján (Translator)
Format: Book
Language:Slovak
Russian
Published: Bratislava Slovenský spisovateľ 1958
Series:Tvorba národov
Subjects:

MARC

LEADER 00000nam a2200000 a 4500
001 vtls008320890
003 SK-MaSNL
005 20260302014540.0
008 240313s1958 xo 000 slo
015 |a SKSNBA1958/07-01032 
035 |a SK01SNK19580013107 
035 |a SKM000015570 
040 |a SNK  |b slo  |c SNK  |e AACR2 
041 1 |a slo  |h rus 
044 |a xo  |c SK 
080 |a 882-3  |2 1981 
100 1 |a Granin, Daniil Aleksandrovič,  |d 1919-2017  |4 aut  |9 184927 
240 1 0 |a Iskateli  |l Slovensky 
245 1 0 |a Hľadači  |c Daniil Granin ; z rus. orig. Iskateli, ... Leningrad, 1955, prel. Matej Andráš ; verše prebásnil Ján Turan 
260 |a Bratislava  |b Slovenský spisovateľ  |c 1958  |e Žilina  |f Pravda 
300 |a 494, [2] s.  |c 8° 
490 1 |a Tvorba národov 
563 |a 2500 výtl. 
650 0 7 |a romány spoločenské ruské  |2 SNK  |9 307155 
655 7 |a umelecká literatúra  |2 SNKPH  |9 60405 
700 1 |a Andráš, Matej,  |d 1921-2012  |4 trl  |9 104375 
700 1 |a Turan, Ján  |4 trl  |9 279214 
730 |a Iskateli  |9 659287 
830 0 |a Tvorba národov  |9 280344 
852 |a Slovenská národná knižnica v Martine  |b 10000  |h SD 15555 
852 |a Slovenská národná knižnica v Martine  |b 10000  |h SD 15555 D1 
919 |a viaz. 
958 |a OND 
958 |a RK 
958 |a TL 
958 |a LX 
958 |a UP 
958 |a RU 
999 |c 1017321  |d 1019251 
952 |a SNK  |b SNK  |y PREZ  |7 0  |p 17A0585094  |o snkSD 15555  |i snkKSP 2125/58  |3 rekatalogizácia  |0 0  |1 0  |4 0  |d 2008-04-07  |l 0  |r 2025-11-28 00:00:00  |w 2026-02-24